logo

Bir Sreshtho Munshi Abdur Rouf Library
Jhenaidah Cadet College

The Plague / (Record no. 7396)

MARC details
000 -LEADER
fixed length control field 00497nam a2200205 a 4500
001 - CONTROL NUMBER
JCCL Control Number 7396
003 - CONTROL NUMBER IDENTIFIER
JCCL marc code BD-JhCC
005 - DATE AND TIME OF LATEST TRANSACTION
control field 20180208165622.0
008 - FIXED-LENGTH DATA ELEMENTS--GENERAL INFORMATION
fixed length control field 180208s1968 usa |||| |||| 000 0 eng d
035 ## - SYSTEM CONTROL NUMBER
system control number (BD-JhCC)
040 ## - CATALOGING SOURCE
Original cataloging agency BD-JhCC
Modifying agency BD-JhCC
041 ## - LANGUAGE CODE
Language code of Book eng
082 ## - DEWEY DECIMAL CLASSIFICATION NUMBER
Classification number 843.914
Author mark and Year GIL 1968
100 ## - MAIN ENTRY--PERSONAL NAME
Personal name Gilbert, Stuart
245 ## - TITLE STATEMENT
Title The Plague /
Statement of responsibility, etc Stuart Gilbert
260 ## - PUBLICATION, DISTRIBUTION, ETC. (IMPRINT)
Place of publication, distribution, etc USA:
Name of publisher, distributor, etc Alfred A. Knopf, Inc
Date of publication, distribution, etc 1968
300 ## - PHYSICAL DESCRIPTION
Pagination 278 p;,
Dimensions 22 cm
650 ## - SUBJECT ADDED ENTRY--TOPICAL TERM
Topical term or geographic name as entry element French fiction
942 ## - ADDED ENTRY ELEMENTS (KOHA)
Source of classification or shelving scheme Dewey Decimal Classification
Koha item type Books
Holdings
Source of classification or shelving scheme Damaged status Not for loan Home library Current library Shelving location Date of accession Total Checkouts Full call number Barcode Date last seen Date checked out Copy number Koha item type
Dewey Decimal Classification     JCC Rouf Library JCC Rouf Library General Stacks 02/08/2018 5 843.914 GIL 1968 9562 02/09/2026 01/20/2026 C - 1 Books

JCC Library | Contacts | JCC Home

Last Update on 23 September 2017
Copyright @ 2017-2020 JCC Rouf Library
Rouf Library, Jhenidah Cadet College (JCC), Bangladesh